[Event "XXIV Open"]
[Site "Cappelle La Grande FRA"]
[Date "2008.02.18"]
[Round "3"]
[White "Fierro Baquero,M"]
[Black "Shengelia,D"]
[Result "1-0"]
[WhiteElo "2341"]
[BlackElo "2568"]
[EventDate "2008.02.16"]

1. e4 c5 2. Nf3 d6 3. d4 cxd4 4. Nxd4 Nf6 5. Nc3 Nc6 6. Bc4 e6 7. Be3 a6 8.
Qe2 Qc7 9. O-O-O Na5 10. Bb3 b5 11. Bg5 Be7 12. a3 Bb7 13. f4 Rc8 14. Bxf6
gxf6 15. Qh5 Qc5 16. Nxe6 Qxh5 17. Ng7+ Kf8 18. Nxh5 Nc4 19. Bxc4 Rxc4 20.
Rhe1 Rg8 21. Rd2 Ke8 22. g3 Rc5 23. Nd5 Bxd5 24. Rxd5 Rxd5 25. exd5 Kd7 26.
Kd2 f5 27. Ke3 Rg6 28. h3 Rh6 29. g4 fxg4 30. hxg4 f5 31. Kf3 fxg4+ 32.
Kxg4 Rg6+ 33. Kf3 Rg8 34. Rh1 Rc8 35. c3 Rc5 36. Ke4 Rc4+ 37. Kf5 a5 38.
Ng3 Rc5 39. Rxh7 b4 40. axb4 axb4 41. Kg6 bxc3 42. bxc3 Ke8 43. Rh8+ Kd7
44. Nf5 Bd8 45. Rh7+ Kc8 46. Nxd6+ Kb8 47. Rh8 Kc7 48. Rxd8 1-0

[Event "XXIV Open"]
[Site "Cappelle La Grande FRA"]
[Date "2008.02.18"]
[Round "3"]
[White "Hebden,M"]
[Black "Berry,N"]
[Result "1-0"]
[WhiteElo "2530"]
[BlackElo "2319"]
[EventDate "2008.02.16"]

1. d4 d5 2. Nf3 Nf6 3. c4 c6 4. e3 a6 5. Bd2 e6 6. Nc3 c5 7. cxd5 exd5 8.
g3 Nc6 9. dxc5 Bxc5 10. Bg2 O-O 11. O-O Bg4 12. h3 Be6 13. Rc1 Ba7 14. Ne2
Ne4 15. Bc3 Rc8 16. Bd4 Bb8 17. Nd2 Qd7 18. Kh2 Nxd2 19. Qxd2 h5 20. f4 Bc7
21. Bc5 Rfd8 22. Nd4 Nxd4 23. Bxd4 Bd6 24. Bb6 Rxc1 25. Rxc1 Rc8 26. Rxc8+
Qxc8 27. Bxd5 Bxh3 28. Bf3 Bf8 29. Bxh5 Be6 30. b3 Qc6 31. Bd4 Bd5 32. Qd1
Be4 33. Kg1 Bb4 34. Be2 Qg6 35. g4 Qh6 36. Bf3 Bxf3 37. Qxf3 Qh4 38. Kg2 b5
39. Qa8+ Kh7 40. Qe4+ Kg8 41. Qe8+ Kh7 42. Qe4+ Kg8 43. f5 Bd6 44. Kf1 Bb4
45. Qf3 a5 46. f6 Qe1+ 47. Kg2 Qd2+ 48. Kh3 Bd6 49. Qg2 Qxg2+ 50. Kxg2 gxf6
51. Bxf6 a4 52. Kf3 axb3 53. axb3 Kf8 54. Ke4 Ke8 55. Kd5 Kd7 56. Bd4 Be7
57. e4 Bd6 58. Bc5 Bf4 59. Bb4 Be3 60. Ke5 Bg5 61. Kf5 Bd8 62. g5 Ke8 63.
g6 fxg6+ 64. Kxg6 Kd7 65. Kf7 Bc7 66. Bc3 Kc6 67. b4 1-0

[Event "XXIV Open"]
[Site "Cappelle La Grande FRA"]
[Date "2008.02.18"]
[Round "3"]
[White "Maiorov,N1"]
[Black "Kochetkova,J"]
[Result "1-0"]
[WhiteElo "2525"]
[BlackElo "2314"]
[EventDate "2008.02.16"]

1. d4 d5 2. c4 e6 3. Nf3 c6 4. e3 Bd6 5. Bd3 f5 6. O-O Nf6 7. b3 Qe7 8. Bb2
O-O 9. Qc1 b6 10. Ne5 Bb7 11. cxd5 Nxd5 12. Nd2 Nd7 13. Nxd7 Qxd7 14. Nc4
Bc7 15. Rd1 Rf6 16. Bf1 Qf7 17. g3 f4 18. Ne5 Qh5 19. exf4 Nxf4 20. Qe3 c5
21. f3 Nh3+ 22. Bxh3 Qxh3 23. dxc5 Bxe5 24. Qxe5 Bxf3 25. Rd2 Re8 26. Rf1
Qf5 27. c6 Qg6 28. c7 Bb7 29. Rc1 Qg4 30. Qe2 Rf3 31. Rd3 h5 32. c8=Q Bxc8
33. Rxc8 1-0

[Event "XXIV Open"]
[Site "Cappelle La Grande FRA"]
[Date "2008.02.18"]
[Round "3"]
[White "Van Dooren,D"]
[Black "Abbasov,F"]
[Result "0-1"]
[WhiteElo "2335"]
[BlackElo "2519"]
[EventDate "2008.02.16"]

1. f4 d5 2. Nf3 g6 3. g3 Bg7 4. Bg2 c5 5. O-O Nc6 6. d3 Nf6 7. c3 O-O 8.
Na3 Re8 9. Nh4 b6 10. e4 dxe4 11. dxe4 Qxd1 12. Rxd1 e5 13. Nb5 Bg4 14. Rd6
Rac8 15. fxe5 Nd7 16. Rd5 Rf8 17. Nd6 Rb8 18. Ndf5 Ndxe5 19. Nxg7 Kxg7 20.
Bf4 f6 21. h3 Be6 22. Rd6 Rbe8 23. Bf1 Nd8 24. Bxe5 fxe5 25. Rd3 Rf6 26.
Nf3 Nf7 27. Kg2 Rf8 28. Be2 Bc8 29. Rad1 Ng5 30. Nxg5 Rf2+ 31. Kg1 Rxe2 32.
Rd8 Re1+ 33. Kg2 Rxd1 34. Rxd1 h6 35. Nf3 Bxh3+ 36. Kxh3 Rxf3 37. Kg2 Rf7
38. Rd6 h5 39. a4 Kh6 40. b3 Kg5 41. a5 Rf6 42. Rd7 bxa5 43. Rxa7 Rb6 44.
Rxa5 Rxb3 45. Rxc5 Kg4 46. Kf2 Ra3 47. c4 Rc3 48. Rc6 g5 49. Rc5 Rf3+ 50.
Ke2 Rxg3 51. Rxe5 Kf4 52. Re8 Re3+ 53. Kd2 Rxe4 54. Rf8+ Kg3 55. Kd3 Re1
56. c5 h4 57. Rf5 g4 58. Kd2 Re8 59. c6 h3 0-1

[Event "XXIV Open"]
[Site "Cappelle La Grande FRA"]
[Date "2008.02.18"]
[Round "3"]
[White "Lalic,B"]
[Black "Grabinsky,V"]
[Result "1-0"]
[WhiteElo "2507"]
[BlackElo "2295"]
[EventDate "2008.02.16"]

1. d4 Nf6 2. c4 e6 3. Nc3 Bb4 4. Qc2 O-O 5. a3 Bxc3+ 6. Qxc3 b6 7. Nf3 Bb7
8. e3 d6 9. Be2 Nbd7 10. O-O Ne4 11. Qc2 f5 12. b4 a5 13. Bb2 Rf6 14. d5 e5
15. Nh4 g6 16. f3 Ng5 17. f4 Nf7 18. e4 fxe4 19. Qxe4 axb4 20. axb4 Rxa1
21. Bxa1 Bc8 22. f5 Nf8 23. fxg6 hxg6 24. Nf3 Ng5 25. Qe3 Nxf3+ 26. Bxf3
Rf4 27. Be2 Rxf1+ 28. Bxf1 Qh4 29. Bc3 Nh7 30. Be1 Qf4 31. Qxf4 exf4 32.
Bd2 g5 33. h4 gxh4 34. Bxf4 Bf5 35. Be3 Kf7 36. Bf2 h3 37. gxh3 Ng5 38. Be3
Nf3+ 39. Kf2 Ne5 40. Bd2 Bc2 41. Bc3 Bb3 42. Bxe5 dxe5 43. Ke3 b5 44. c5
Bxd5 45. Bxb5 Kf6 46. h4 Bg2 47. Bd3 Bc6 48. b5 Be8 49. b6 cxb6 50. cxb6
1-0

[Event "XXIV Open"]
[Site "Cappelle La Grande FRA"]
[Date "2008.02.18"]
[Round "3"]
[White "Nalbandian,T"]
[Black "Chulivska,V"]
[Result "1-0"]
[WhiteElo "2505"]
[BlackElo "2291"]
[EventDate "2008.02.16"]

1. Nf3 Nf6 2. g3 c5 3. Bg2 Nc6 4. O-O e6 5. d3 Be7 6. e4 d6 7. Nc3 O-O 8.
a4 a6 9. Bf4 Nd4 10. e5 Nxf3+ 11. Qxf3 dxe5 12. Bxe5 Bd6 13. Rfe1 Rb8 14.
Qf4 Bxe5 15. Qxe5 Nd7 16. Qd6 b6 17. Bc6 Re8 18. Rad1 e5 19. Bxd7 Bxd7 20.
Rxe5 Rxe5 21. Qxe5 Bc6 22. Re1 Rc8 23. Ne4 Bxa4 24. Nd6 Rc7 25. Ne8 1-0

[Event "XXIV Open"]
[Site "Cappelle La Grande FRA"]
[Date "2008.02.18"]
[Round "3"]
[White "Mamedjarova,Z"]
[Black "Totsky,L"]
[Result "0-1"]
[WhiteElo "2332"]
[BlackElo "2498"]
[EventDate "2008.02.16"]

1. d4 e6 2. c4 b6 3. Nf3 Bb7 4. e3 Nf6 5. Be2 Bb4+ 6. Bd2 Be7 7. Nc3 O-O 8.
Qc2 c5 9. O-O Nc6 10. dxc5 bxc5 11. Rad1 d6 12. Bc1 Qa5 13. b3 Rfd8 14. Bb2
Rd7 15. Rd2 Rad8 16. Rfd1 a6 17. h3 h6 18. Qc1 d5 19. cxd5 exd5 20. Qb1 d4
21. Ne4 Nb4 22. Nxf6+ Bxf6 23. exd4 Qxa2 24. Qc1 Qxb3 25. Qxc5 Rc8 26. Qf5
Qd5 27. Qxd5 Bxd5 28. Ne5 Ra7 29. Ba3 a5 30. Rb1 Be7 31. Bg4 Rc3 32. Bb2
Rcc7 33. Rdd1 Be4 34. Rbc1 Bc2 35. Rf1 a4 36. Ra1 Bb3 37. Bd1 Nd5 38. Nc6
Rxc6 39. Bxb3 Rb6 40. Bxd5 Rxb2 41. Rfd1 a3 42. g3 g6 43. Kg2 Kg7 44. Rab1
Bf6 45. Rxb2 axb2 46. Be4 Ra4 47. Kf3 Bxd4 48. Bb1 Be5 49. h4 Kf6 50. Ke2
h5 51. Rd3 Ra1 52. Rd1 Ke6 53. Kd3 Ra3+ 54. Ke2 Rc3 55. Kd2 Bd4 56. Ke2 Kd5
57. Ba2+ Kc5 58. Bb1 Rc1 59. Re1 f5 60. f3 Be5 61. g4 fxg4 62. fxg4 hxg4
63. Rf1 g3 0-1

[Event "XXIV Open"]
[Site "Cappelle La Grande FRA"]
[Date "2008.02.18"]
[Round "3"]
[White "Bielczyk,J"]
[Black "Shalnev,N"]
[Result "1/2-1/2"]
[WhiteElo "2326"]
[BlackElo "2497"]
[EventDate "2008.02.16"]

1. e4 c5 2. Nf3 d6 3. d4 cxd4 4. Nxd4 Nf6 5. Nc3 a6 6. Bc4 e6 7. Bb3 b5 8.
O-O Be7 9. Qf3 Qc7 10. Qg3 O-O 11. Bh6 Ne8 12. a3 Nc6 1/2-1/2

[Event "XXIV Open"]
[Site "Cappelle La Grande FRA"]
[Date "2008.02.18"]
[Round "3"]
[White "Mohandesi,S"]
[Black "Mateo,Ra"]
[Result "0-1"]
[WhiteElo "2323"]
[BlackElo "2484"]
[EventDate "2008.02.16"]

1. d4 Nf6 2. c4 e6 3. Nc3 Bb4 4. Bg5 c5 5. d5 exd5 6. cxd5 O-O 7. e3 d6 8.
a3 Bxc3+ 9. bxc3 Nbd7 10. f3 Qa5 11. Ne2 Re8 12. e4 Qd8 13. c4 Ne5 14. Nc3
h6 15. Bh4 Ng6 16. Bf2 Nh5 17. g4 Qf6 18. Rc1 Nhf4 19. h4 Ne5 20. Bg3 Bd7
21. Kd2 a6 22. Ke3 g5 23. hxg5 hxg5 24. Rc2 b5 25. Kf2 b4 26. axb4 cxb4 27.
Nb1 Ba4 28. Nd2 b3 29. Rc3 Nxg4+ 30. fxg4 Qxc3 31. Bxf4 gxf4 32. Nf3 Rxe4
33. Bd3 Re3 34. Bh7+ Kf8 35. Nd4 b2 36. Bc2 Bxc2 37. Nxc2 Rd3 0-1

[Event "XXIV Open"]
[Site "Cappelle La Grande FRA"]
[Date "2008.02.18"]
[Round "3"]
[White "Cabrera Trujillo,J"]
[Black "Szelag,M"]
[Result "0-1"]
[WhiteElo "2320"]
[BlackElo "2484"]
[EventDate "2008.02.16"]

1. e4 c5 2. Nf3 d6 3. d4 cxd4 4. Nxd4 Nf6 5. Nc3 a6 6. Bg5 e6 7. f4 Be7 8.
Qf3 Qc7 9. O-O-O Nbd7 10. g4 h6 11. Bh4 g5 12. e5 dxe5 13. fxg5 hxg5 14.
Bg3 Rb8 15. h4 gxh4 16. g5 Nh5 17. g6 Ndf6 18. Rxh4 fxg6 19. Bd3 Kf7 20.
Re1 Nxg3 21. Bxg6+ Kg7 22. Qxg3 Rxh4 23. Qxh4 Kxg6 24. Nf3 Kf7 25. Nxe5+
Ke8 26. Qh6 Bd8 27. Qh8+ Ke7 28. Qg7+ Ke8 29. Qh8+ Ke7 30. Rg1 Qxe5 31.
Rg7+ Kd6 32. Qxd8+ Kc6 33. Rf7 Qg5+ 34. Kb1 Qg1+ 35. Nd1 Bd7 0-1

[Event "XXIV Open"]
[Site "Cappelle La Grande FRA"]
[Date "2008.02.18"]
[Round "3"]
[White "Danielian,E"]
[Black "Van Kampen,R"]
[Result "1-0"]
[WhiteElo "2480"]
[BlackElo "2243"]
[EventDate "2008.02.16"]

1. d4 d5 2. Nf3 Nf6 3. Bf4 c5 4. e3 Nc6 5. Be2 Bf5 6. O-O e6 7. c4 Be7 8.
dxc5 O-O 9. Nc3 dxc4 10. Qa4 Bxc5 11. Qxc4 Be7 12. Rfd1 Qb6 13. e4 Bg6 14.
a3 Ng4 15. Bg3 Bf6 16. Na4 Qa5 17. Nc5 Nge5 18. Nxe5 Nxe5 19. Qc2 Rac8 20.
b4 Qb6 21. Qa4 Rfd8 22. Rac1 Rxd1+ 23. Rxd1 a6 24. f4 Nc6 25. Bf2 Qc7 26.
e5 Be7 27. Rd7 1-0

[Event "XXIV Open"]
[Site "Cappelle La Grande FRA"]
[Date "2008.02.18"]
[Round "3"]
[White "Mamedjarova,T"]
[Black "Wirig,A"]
[Result "0-1"]
[WhiteElo "2313"]
[BlackElo "2479"]
[EventDate "2008.02.16"]

1. d4 Nf6 2. c4 e6 3. Nc3 Bb4 4. Qc2 O-O 5. Nf3 d6 6. e3 Re8 7. Bd2 e5 8.
dxe5 dxe5 9. a3 Bf8 10. e4 Bg4 11. O-O-O Bxf3 12. gxf3 Nc6 13. Be3 Nd4 14.
Bxd4 exd4 15. Ne2 c6 16. Nxd4 Qc7 17. Qc3 Nh5 18. Nf5 g6 19. Ng3 Bg7 20.
Qc2 Nf4 21. Kb1 Rad8 22. Rxd8 Rxd8 23. Ne2 Qa5 24. Nxf4 Rd2 25. b4 Qd8 0-1

[Event "XXIV Open"]
[Site "Cappelle La Grande FRA"]
[Date "2008.02.18"]
[Round "3"]
[White "Hopman,P"]
[Black "Akesson,R"]
[Result "0-1"]
[WhiteElo "2301"]
[BlackElo "2470"]
[EventDate "2008.02.16"]

1. d4 d5 2. c4 e6 3. Nc3 Be7 4. Bf4 Nf6 5. e3 O-O 6. a3 c5 7. dxc5 Bxc5 8.
Nf3 Nc6 9. Be2 dxc4 10. Bxc4 a6 11. O-O b5 12. Ba2 Bb7 13. Qe2 Qb6 14. Rfd1
h6 15. b4 Be7 16. e4 Rfd8 17. e5 Nh7 18. Rac1 Ng5 19. Be3 Nxf3+ 20. Qxf3
Qc7 21. Qg3 Qxe5 22. Bf4 Qh5 23. Re1 Nd4 24. Bb1 Rac8 25. Be5 Qg5 26. Qxg5
Bxg5 27. f4 Bh4 28. Re3 Nc6 0-1

[Event "XXIV Open"]
[Site "Cappelle La Grande FRA"]
[Date "2008.02.18"]
[Round "3"]
[White "Delekta,P"]
[Black "Babaev,Ra"]
[Result "0-1"]
[WhiteElo "2291"]
[BlackElo "2468"]
[EventDate "2008.02.16"]

1. e4 c5 2. f4 d6 3. Nc3 g6 4. Nf3 Bg7 5. Bc4 Nc6 6. d3 e6 7. O-O Nge7 8.
Qe1 O-O 9. f5 gxf5 10. Qh4 fxe4 11. Ng5 h6 12. Nxf7 Rxf7 13. Rxf7 Kxf7 14.
Qh5+ Kg8 15. Bxh6 Qf8 16. Bxg7 Qxg7 17. Nxe4 Bd7 18. Nxd6 Rf8 19. Qxc5 Nd4
20. c3 Ne2+ 21. Kh1 Qf6 22. h3 Bc6 23. Qe3 Nf4 24. Ne4 Qg6 25. Rg1 Ned5 26.
Bxd5 exd5 27. Nf2 d4 28. Qxd4 Ne2 29. Qc4+ Kg7 30. Ng4 Nxg1 31. Kxg1 Qf5
32. Qd4+ Kh7 33. Nf2 Qf4 34. Qxa7 Qg3 35. Ne4 Qxd3 36. Ng5+ Kg6 0-1

[Event "XXIV Open"]
[Site "Cappelle La Grande FRA"]
[Date "2008.02.18"]
[Round "3"]
[White "De la Villa Garcia,J"]
[Black "Van Hoolandt,P"]
[Result "1-0"]
[WhiteElo "2460"]
[BlackElo "2216"]
[EventDate "2008.02.16"]

1. e4 e5 2. Bc4 Nf6 3. d4 exd4 4. Nf3 Nc6 5. Ng5 d5 6. exd5 Na5 7. Qxd4
Nxc4 8. Qxc4 Qxd5 9. Qe2+ Be6 10. O-O O-O-O 11. Nc3 Qc4 12. Nxe6 Qxe6 13.
Qxe6+ fxe6 14. Bg5 h6 15. Bxf6 gxf6 16. Rfe1 e5 17. Ne4 Be7 18. Rad1 Rxd1
19. Rxd1 Rd8 20. Rxd8+ Kxd8 21. g4 Kd7 22. Ng3 Ke6 23. Kg2 c6 24. f3 Bf8
25. Kf2 Bc5+ 26. Ke2 Kd5 27. Kd3 b5 28. Nf5 Bf8 29. Ne3+ Ke6 30. Ke4 Bg7
31. c4 a6 32. cxb5 axb5 33. b3 b4 34. Nc4 Bf8 35. Na5 c5 36. Nc4 Be7 37.
Ne3 Bf8 38. h4 Bd6 39. Nf5 Bf8 40. h5 Bd6 41. Nxh6 1-0

[Event "XXIV Open"]
[Site "Cappelle La Grande FRA"]
[Date "2008.02.18"]
[Round "3"]
[White "Boric,E"]
[Black "Klovans,J"]
[Result "1/2-1/2"]
[WhiteElo "2274"]
[BlackElo "2447"]
[EventDate "2008.02.16"]

1. d4 Nf6 2. Nf3 e6 3. Bf4 c5 4. e3 b6 5. Bd3 Bb7 6. O-O Be7 7. h3 O-O 8.
Nbd2 d5 9. c3 Nbd7 10. Qc2 c4 11. Be2 b5 12. Ne5 Nxe5 13. Bxe5 Ne8 14. e4
Nd6 15. exd5 Bxd5 16. Bxd6 Qxd6 17. Bf3 Rfd8 18. Bxd5 Qxd5 19. Rfe1 Bd6 20.
Nf3 Rab8 21. a3 Bc7 22. Re3 h6 23. Ne5 1/2-1/2

[Event "XXIV Open"]
[Site "Cappelle La Grande FRA"]
[Date "2008.02.18"]
[Round "3"]
[White "Hrabinska,M"]
[Black "Llaneza Vega,M"]
[Result "1-0"]
[WhiteElo "2263"]
[BlackElo "2445"]
[EventDate "2008.02.16"]

1. e4 c5 2. Nc3 a6 3. g3 b5 4. Bg2 Bb7 5. a3 e6 6. d3 Nf6 7. Nf3 d5 8. exd5
Nxd5 9. Ne4 Be7 10. O-O O-O 11. Bg5 Nd7 12. Bxe7 Qxe7 13. Qe2 Rfd8 14. d4
Rac8 15. c3 N5b6 16. Rad1 Bd5 17. Rfe1 Bb3 18. Rd2 Bc4 19. Qd1 Bd5 20. dxc5
Nxc5 21. Nxc5 Qxc5 22. Ne5 Qc7 23. Bxd5 Nxd5 24. Qf3 Qe7 25. Red1 Rc7 26.
Qe2 Qf6 27. Ng4 Qg5 28. h4 Qe7 29. Ne3 Qf8 30. Nxd5 exd5 31. Rxd5 Rdc8 32.
Qd3 Re7 33. Rd6 h6 34. Rxa6 Qe8 35. Rd6 Re1+ 36. Rxe1 Qxe1+ 37. Kg2 Qe8 38.
Rd5 Rb8 39. Rd7 Qe6 40. Rd8+ Rxd8 41. Qxd8+ Kh7 42. Qd3+ g6 43. Qxb5 Qe4+
44. Kh2 Qc2 45. Qb6 g5 46. hxg5 hxg5 47. Qf6 Qxb2 48. Qxf7+ Kh6 49. Qf6+
Kh7 50. a4 Qa2 51. Qf5+ Kh6 52. a5 Kh5 53. Kg2 Kh6 54. Qf6+ Kh5 55. a6 Qg8
56. a7 1-0

[Event "XXIV Open"]
[Site "Cappelle La Grande FRA"]
[Date "2008.02.18"]
[Round "3"]
[White "Ghane,S"]
[Black "Kulago,A"]
[Result "1-0"]
[WhiteElo "2442"]
[BlackElo "2206"]
[EventDate "2008.02.16"]

1. d4 d5 2. Bg5 c5 3. e3 Nc6 4. Nc3 f6 5. Bh4 cxd4 6. exd4 Bf5 7. g4 Bg6 8.
Bg2 e6 9. Nge2 Qb6 10. Rb1 Bd6 11. O-O Nh6 12. h3 Nf7 13. f4 f5 14. b4 O-O
15. Na4 Qc7 16. Nc5 Rae8 17. a3 fxg4 18. hxg4 Nh6 19. Nxe6 Rxe6 20. f5 Rxe2
21. Qxe2 Bf7 22. Qd1 Bg3 23. Bg5 Re8 24. Rb3 Bd6 25. Rh3 Be7 26. f6 Bd8 27.
Bxh6 gxh6 28. Qd2 Bxf6 29. Qxh6 Bg6 30. Bxd5+ Kh8 31. Rxf6 Nxd4 32. Rf8+
1-0

[Event "XXIV Open"]
[Site "Cappelle La Grande FRA"]
[Date "2008.02.18"]
[Round "3"]
[White "Ruckschloss,K"]
[Black "Butnorius,A"]
[Result "0-1"]
[WhiteElo "2260"]
[BlackElo "2441"]
[EventDate "2008.02.16"]

1. c4 Nf6 2. d4 e6 3. Nf3 b6 4. Bg5 Bb4+ 5. Nfd2 h6 6. Bh4 Bb7 7. f3 d5 8.
Qa4+ Nc6 9. e3 a6 10. a3 Be7 11. Nc3 O-O 12. cxd5 Nxd5 13. Bf2 e5 14. Nxd5
Qxd5 15. Qb3 Qxb3 16. Nxb3 exd4 17. e4 Rad8 18. O-O-O Rd7 19. f4 Nb8 20.
Nxd4 Bxe4 21. Re1 Bb7 22. Nf5 Bf6 23. Bh4 Bxh4 24. Nxh4 Nc6 25. Bc4 Rfd8
26. Rhf1 Na5 27. Ba2 Bd5 28. Bxd5 Rxd5 29. Rf2 c5 30. Nf3 c4 31. Kc2 Nb3
32. Rfe2 b5 33. Re8+ Rxe8 34. Rxe8+ Kh7 35. Re7 f6 36. Re2 Rd3 37. Re4 0-1

[Event "XXIV Open"]
[Site "Cappelle La Grande FRA"]
[Date "2008.02.18"]
[Round "3"]
[White "Lallemand,R"]
[Black "Cossin,S"]
[Result "0-1"]
[WhiteElo "2246"]
[BlackElo "2438"]
[EventDate "2008.02.16"]

1. e4 c5 2. Nf3 d6 3. d4 cxd4 4. Qxd4 Nc6 5. Bb5 Bd7 6. Bxc6 Bxc6 7. Nc3 e5
8. Qd3 h6 9. Be3 Nf6 10. O-O-O a6 11. h3 Qc7 12. g4 O-O-O 13. g5 hxg5 14.
Bxg5 Be7 15. Bxf6 Bxf6 16. Nd5 Qa5 17. Qb3 Qc5 18. Rh2 Rh7 19. Rd3 Qb5 20.
Qxb5 Bxb5 21. c4 Bc6 22. Kd2 Rh6 23. Ke2 Rdh8 24. Rg2 Kd7 25. Ng5 Ke8 26.
b4 Rh4 27. Re3 R8h5 28. Nf3 Rxh3 29. Kd2 Rh1 30. Nxf6+ gxf6 31. Rg8+ Ke7
32. Ne1 R5h4 33. f3 f5 34. Ng2 R4h2 35. Kd3 Rg1 36. Re2 fxe4+ 37. fxe4 f5
0-1

[Event "XXIV Open"]
[Site "Cappelle La Grande FRA"]
[Date "2008.02.18"]
[Round "3"]
[White "Baba,M"]
[Black "Tomczak,J"]
[Result "0-1"]
[WhiteElo "2213"]
[BlackElo "2433"]
[EventDate "2008.02.16"]

1. e4 d5 2. exd5 Qxd5 3. Nc3 Qa5 4. d4 Nf6 5. Bc4 Nc6 6. Nf3 Bg4 7. h3 Bxf3
8. Qxf3 O-O-O 9. d5 Ne5 10. Qf5+ Ned7 11. Bd2 e6 12. Qg5 Nb6 13. Bb3 h6 14.
Qg3 Nbxd5 15. O-O-O Nxc3 16. Bxc3 Qg5+ 17. Qxg5 hxg5 18. Bd4 g4 19. c3 gxh3
20. gxh3 Be7 21. Rdg1 g6 22. Rg3 c5 23. Be3 Nd7 24. Rf3 Rh7 25. Rd1 Ne5 26.
Rxd8+ Bxd8 27. Rg3 Bc7 28. Bc2 Nc4 29. Rf3 Ne5 30. Rg3 Nc4 31. Rf3 Nxe3 32.
fxe3 Kd7 33. Bd3 f5 34. e4 Ke7 35. Kc2 Kf6 36. exf5 gxf5 37. b4 cxb4 38.
cxb4 Rh4 39. Kb3 Bf4 40. Bf1 Bd6 41. a3 e5 42. Rd3 Ke6 43. Rg3 e4 44. Rg6+
Ke5 45. Rg7 Rf4 46. Be2 Rf2 47. Bd1 e3 48. Rxb7 e2 49. Bxe2 Rxe2 50. Rxa7
f4 51. Kc4 Ke4 52. Rf7 f3 53. Rxf3 Kxf3 54. a4 Re4+ 0-1

[Event "XXIV Open"]
[Site "Cappelle La Grande FRA"]
[Date "2008.02.18"]
[Round "3"]
[White "Recuero Guerra,D"]
[Black "Sarrau,J"]
[Result "1/2-1/2"]
[WhiteElo "2424"]
[BlackElo "2186"]
[EventDate "2008.02.16"]

1. e4 c5 2. Nf3 d6 3. d4 cxd4 4. Nxd4 Nf6 5. Nc3 a6 6. Be3 e5 7. Nf3 Be7 8.
Bc4 O-O 9. O-O Be6 10. Qe2 Qc7 11. Bb3 Rc8 12. Rad1 b5 13. a3 Bf8 14. Nh4
Nbd7 15. Bg5 Bc4 16. Bxc4 Qxc4 17. Qxc4 Rxc4 18. Nf5 Rc6 19. f3 Rb8 20.
Bxf6 Nxf6 21. Rd3 g6 22. Ne3 Bh6 23. Ncd1 a5 24. Rf2 Kf8 25. Kf1 Bxe3 26.
Nxe3 Ke7 27. g3 Rbc8 28. c3 Rb8 29. Rc2 Rbc8 30. Rcd2 Rb6 31. f4 Ke6 32.
f5+ Ke7 33. Kg2 Rbc6 34. Kf3 h5 35. h4 Rb8 36. Rc2 Rbc8 37. Rg2 Rh8 38. Rd1
Rc5 39. Rd3 Rc6 40. Rg1 Rc5 41. Rd2 Rc6 42. a4 Rb8 43. axb5 Rxb5 44. fxg6
fxg6 45. g4 hxg4+ 46. Nxg4 d5 47. exd5 e4+ 48. Ke3 Nxd5+ 49. Kxe4 Re6+ 50.
Kf3 Nf6 51. Nxf6 Rf5+ 52. Kg4 Kxf6 53. Rd4 Re2 54. b4 axb4 55. cxb4 Rb2 56.
Kh3 Rb3+ 57. Rg3 Rxg3+ 58. Kxg3 g5 59. h5 Rb5 60. Rc4 Kg7 61. Kf3 Kh6 62.
Kg4 Kg7 63. Rd4 Kh7 64. Re4 Kg7 65. Kf3 Kh6 66. Kg4 1/2-1/2

[Event "XXIV Open"]
[Site "Cappelle La Grande FRA"]
[Date "2008.02.18"]
[Round "3"]
[White "Berkovich,M"]
[Black "Nanjo,R"]
[Result "1/2-1/2"]
[WhiteElo "2413"]
[BlackElo "2177"]
[EventDate "2008.02.16"]

1. g3 f5 2. Nf3 Nf6 3. Bg2 d6 4. d4 e6 5. O-O Be7 6. c4 O-O 7. Nc3 a5 8.
Qb3 Kh8 9. Bg5 c6 10. Na4 Nbd7 11. Rac1 Ne4 12. Bxe7 Qxe7 13. c5 d5 14. Qe3
g5 15. Ne5 f4 16. Qd3 Nef6 17. e3 Nxe5 18. dxe5 Ng4 19. Qe2 f3 20. Bxf3
Nxe5 21. Bg2 b5 22. Nb6 Rb8 23. f4 Nd7 24. Qd2 b4 25. Qd4+ Kg8 26. Nxd7
Bxd7 27. Qe5 gxf4 28. exf4 Rb5 29. Qd4 Qg7 30. Qxg7+ Kxg7 31. Rfe1 Rbb8 32.
Kf2 Rbe8 33. Re5 Kf6 34. Ke3 Rg8 35. Kd4 Re7 36. Rce1 Be8 37. R1e3 Bg6 38.
Bh3 Be4 39. Bf1 Bf5 40. Bd3 Bxd3 41. Rxd3 Rg6 42. Rh5 Rf7 43. Re3 Ke7 44.
Ree5 Rgf6 45. Reg5 h6 46. Rg8 Rf8 47. Rg4 R8f7 48. Rgh4 Rh7 49. Ke5 Rh8 50.
Rg4 Kf7 51. Rgh4 Ke7 52. g4 Kf7 53. Rh3 Rd8 54. Rd3 Ke7 55. Rhh3 1/2-1/2

[Event "XXIV Open"]
[Site "Cappelle La Grande FRA"]
[Date "2008.02.18"]
[Round "3"]
[White "Van Oosterom,C"]
[Black "Dragun,K"]
[Result "1/2-1/2"]
[WhiteElo "2408"]
[BlackElo "2171"]
[EventDate "2008.02.16"]

1. e4 c5 2. c3 d5 3. exd5 Qxd5 4. d4 Nf6 5. Nf3 Bg4 6. Be2 e6 7. h3 Bh5 8.
O-O Nc6 9. Be3 O-O-O 10. dxc5 Qxd1 11. Bxd1 Nd5 12. b4 Be7 13. a4 a5 14. b5
Nxe3 15. fxe3 Nb8 16. Nbd2 Bxc5 17. Nd4 Bg6 18. N2b3 Bb6 19. Kh1 Nd7 20.
Bc2 Bxc2 21. Nxc2 f6 22. Ncd4 Rhe8 23. c4 Nc5 24. Nxc5 Bxc5 25. Rad1 e5 26.
Nc2 b6 27. g4 e4 28. Kg2 Rd3 29. Kf2 Rc3 30. Nd4 Rxc4 31. Nf5 Rxa4 32. Nd6+
Bxd6 33. Rxd6 Rb4 34. Rc1+ Kb8 35. Rxb6+ Ka7 36. Rcc6 a4 37. Ra6+ Kb7 38.
Rab6+ Ka7 39. Ra6+ Kb7 40. Rab6+ 1/2-1/2

[Event "XXIV Open"]
[Site "Cappelle La Grande FRA"]
[Date "2008.02.18"]
[Round "3"]
[White "Foisor,O"]
[Black "Pace,C"]
[Result "1-0"]
[WhiteElo "2401"]
[BlackElo "2139"]
[EventDate "2008.02.16"]

1. d4 f5 2. g3 Nf6 3. Bg2 g6 4. c4 Bg7 5. Nc3 d6 6. d5 O-O 7. Nh3 Na6 8.
O-O Nc5 9. Be3 e5 10. dxe6 Nxe6 11. f3 c6 12. Qb3 Qe7 13. Bf2 Kh8 14. Rad1
Nc7 15. Qa3 Rd8 16. Rfe1 Be6 17. e4 fxe4 18. Nxe4 Nxe4 19. Rxe4 Qf8 20. Bd4
d5 21. Qxf8+ Rxf8 22. cxd5 Bxd4+ 23. Rdxd4 Bxd5 24. Re7 Nb5 25. Rd2 Rf7 26.
Rxf7 Bxf7 27. a4 1-0

[Event "XXIV Open"]
[Site "Cappelle La Grande FRA"]
[Date "2008.02.18"]
[Round "3"]
[White "Roberts,P"]
[Black "Marholev,D"]
[Result "0-1"]
[WhiteElo "2168"]
[BlackElo "2401"]
[EventDate "2008.02.16"]

1. f4 d5 2. Nf3 Bg4 3. e3 Nd7 4. h3 Bxf3 5. Qxf3 Ngf6 6. g4 h6 7. Nc3 c6 8.
d3 e5 9. Bd2 b5 10. Bg2 b4 11. Ne2 e4 12. dxe4 Nxe4 13. O-O-O Qa5 14. Kb1
Nxd2+ 15. Rxd2 b3 16. Nc3 bxa2+ 17. Ka1 Ba3 18. Rd3 Bxb2+ 19. Kxb2 Rb8+ 20.
Ka1 Qb4 21. Nb5 Nc5 22. Rb3 Nxb3+ 23. cxb3 Rxb5 24. e4 Qd4+ 25. Kxa2 Ra5+
26. Kb1 Ra1+ 27. Kc2 Ra2+ 28. Kc1 Qa1+ 0-1

[Event "XXIV Open"]
[Site "Cappelle La Grande FRA"]
[Date "2008.02.18"]
[Round "3"]
[White "Zeberski,J"]
[Black "Freidzon,D"]
[Result "1-0"]
[WhiteElo "2398"]
[BlackElo "2110"]
[EventDate "2008.02.16"]

1. e4 c5 2. Nf3 a6 3. c3 Nf6 4. e5 Nd5 5. Bc4 Nb6 6. Bb3 c4 7. Bc2 d6 8.
exd6 e6 9. d4 cxd3 10. Qxd3 Qxd6 11. Qe4 Qd5 12. Qe2 Be7 13. O-O Nc6 14.
Be3 Nd7 15. Nbd2 Qh5 16. Rfe1 Nf6 17. Nf1 Qa5 18. a3 Qc7 19. Bg5 b6 20.
Rad1 a5 21. Nd4 Nxd4 22. Rxd4 Ba6 23. Ba4+ Kf8 24. Qf3 Rd8 25. Rxd8+ Qxd8
26. Rd1 Nd5 27. Bxe7+ Qxe7 28. Ne3 Bb7 29. Nxd5 exd5 30. Qf4 g5 31. Qd4 Rg8
32. Qxb6 Rg6 33. Qd4 Kg8 34. h3 Re6 35. Bc2 Re5 36. Bd3 Bc8 37. b4 axb4 38.
axb4 g4 39. hxg4 h5 40. gxh5 Rxh5 41. Qe3 Qd8 42. Be2 Rh7 43. g3 Kg7 44.
Qd4+ f6 45. Bf3 Qh8 46. Ra1 Kg6 47. Bxd5 Re7 48. Be4+ Kf7 49. Ra8 Qh6 50.
Rxc8 1-0

[Event "XXIV Open"]
[Site "Cappelle La Grande FRA"]
[Date "2008.02.18"]
[Round "3"]
[White "Pekar,K"]
[Black "Martinez Martin,D"]
[Result "0-1"]
[WhiteElo "2141"]
[BlackElo "2395"]
[EventDate "2008.02.16"]

1. d4 f5 2. Qd3 d5 3. Bf4 Nf6 4. h3 g6 5. Nf3 Bg7 6. Nbd2 O-O 7. Ne5 Be6 8.
Ndf3 Ne4 9. e3 c5 10. Qb5 b6 11. Nc6 Nxc6 12. Qxc6 Bf7 13. c3 Rc8 14. Qa4
c4 15. Be2 a5 16. Ne5 Be8 17. Qc2 g5 18. Bh2 f4 19. exf4 Bxe5 20. dxe5 Bg6
21. Qc1 d4 22. cxd4 c3 23. bxc3 gxf4 24. Qb2 Nxc3 25. Bg4 Qxd4 26. O-O Rc6
27. Rfe1 Rd8 28. Rac1 b5 29. Bxf4 Qxf4 30. Rxc3 Rd2 31. Qb3+ Bf7 32. Rf3
Re2 33. Rd1 Bxb3 34. Rd8+ Kg7 35. Rxf4 Re1+ 36. Kh2 Bxa2 37. Bf3 Rc4 38.
Rf5 Kg6 39. g4 Rc2 40. Kg3 Rc5 41. Kf4 h6 42. Rh8 Kg7 43. Re8 Rc4+ 44. Kg3
Rc7 45. Kh4 Be6 46. Rff8 Rxe5 47. Ra8 b4 48. Rfb8 b3 49. Kg3 Rec5 50. Ra6
Bc4 51. Raa8 Bf7 52. Be4 Rc4 53. f3 a4 54. Rh8 Rxe4 55. fxe4 b2 0-1